[Event "Eurasia Cup op"]
[Site "Ekaterinburg"]
[Date "2019.08.08"]
[Round "8"]
[White "Hamitevici, Vladimir"]
[Black "Fotin, Vladimir"]
[Result "1/2-1/2"]
[WhiteElo "2480"]
[BlackElo "2368"]
[PlyCount "80"]
[EventDate "2019.07.31"]
[EventType "swiss"]
[EventRounds "9"]
[EventCountry "RUS"]
[SourceTitle "CBM 191 Extra"]
[Source "ChessBase"]
[SourceDate "2019.09.30"]
[SourceVersion "1"]
[SourceVersionDate "2019.09.30"]
[SourceQuality "1"]

1. c4 Nf6 2. Nc3 e6 3. Nf3 d5 4. e3 c5 5. cxd5 exd5 6. d4 a6 7. Be2 Nc6 8. 0-0 cxd4 9. Nxd4 Bd6 10. Nxc6 bxc6 11. b3 Qc7 12. h3 Qe7 13. Qd3 Qe5 14. f4 Qe7 15. Bf3 a5 16. Qc2 0-0 17. e4 Bc5+ 18. Kh1 dxe4 19. Nxe4 Bd4 20. Rb1 Bf5 21. Nxf6+ Qxf6 22. Be4 Bxe4 23. Qxe4 Rfe8 24. Qf3 c5 25. a4 Qf5 26. Bd2 h6 27. Rbc1 Rab8 28. Rc4 Re7 29. Rfc1 Reb7 30. Bxa5 Rxb3 31. Bc3 Re8 32. Qg4 Qe4 33. Bxd4 cxd4 34. f5 Qxg4 35. hxg4 d3 36. Rd4 Ra3 37. Kh2 d2 38. Rd1 Ra8 39. R1xd2 R3xa4 40. Rxa4 Rxa4 1/2-1/2

[Event "Eurasia Cup op"]
[Site "Ekaterinburg"]
[Date "2019.08.02"]
[Round "3"]
[White "Fotin, Vladimir"]
[Black "Kunin, Vitaly L"]
[Result "0-1"]
[WhiteElo "2368"]
[BlackElo "2527"]
[PlyCount "108"]
[EventDate "2019.07.31"]
[EventType "swiss"]
[EventRounds "9"]
[EventCountry "RUS"]
[SourceTitle "CBM 191 Extra"]
[Source "ChessBase"]
[SourceDate "2019.09.30"]
[SourceVersion "1"]
[SourceVersionDate "2019.09.30"]
[SourceQuality "1"]

1. c4 Nf6 2. Nc3 e5 3. g3 d5 4. cxd5 Nxd5 5. Bg2 Nxc3 6. bxc3 Nc6 7. d3 Bc5 8. Nf3 0-0 9. 0-0 Bb6 10. a4 Re8 11. Nd2 Be6 12. Nb3 a5 13. Rb1 Qd7 14. Nd2 Rad8 15. Ba3 f5 16. Nc4 Ba7 17. Qc2 e4 18. Rxb7 Bxc4 19. dxc4 Bb6 20. c5 Qc8 21. Rxb6 cxb6 22. cxb6 Qe6 23. Bc5 Qc4 24. Be3 Nd4 25. Bxd4 Rxd4 26. Rb1 Qxa4 27. Qxa4 Rxa4 28. b7 Rb8 29. f3 Rc4 30. fxe4 fxe4 31. Kf2 a4 32. Ke3 Rxc3+ 33. Kxe4 Kf7 34. Kd4 Rc2 35. Bd5+ Ke7 36. e4 a3 37. Rb3 a2 38. Ra3 Rxh2 39. Kc5 Rb2 40. g4 h6 41. Ra6 g6 42. Kd4 h5 43. gxh5 gxh5 44. Bxa2 R8xb7 45. Ke5 R2b6 46. Ra3 Rh6 47. Bd5 Rbb6 48. Ra7+ Kf8 49. Kf5 h4 50. Ra8+ Ke7 51. Kg5 Rbg6+ 52. Kf5 h3 53. e5 h2 54. Ra7+ Kd8 0-1

[Event "RUS-ch Eurasia Cup op"]
[Site "Ekaterinburg"]
[Date "2018.08.09"]
[Round "8"]
[White "Fotin, Vladimir"]
[Black "Khlichkova, Tatiana"]
[Result "1-0"]
[WhiteElo "2359"]
[BlackElo "2231"]
[PlyCount "55"]
[EventDate "2018.08.01"]
[EventType "swiss"]
[EventRounds "9"]
[EventCountry "RUS"]
[SourceTitle "CBM 185 Extra"]
[Source "ChessBase"]
[SourceDate "2018.07.29"]
[SourceVersion "1"]
[SourceVersionDate "2018.07.29"]
[SourceQuality "1"]

1. d4 d5 2. Bf4 c5 3. e4 Nc6 4. exd5 Qxd5 5. Nc3 Qe6+ 6. Nge2 Nxd4 7. Be3 Nxe2 8. Bxe2 Bd7 9. Qd2 Qd6 10. 0-0-0 Qxd2+ 11. Rxd2 e5 12. Rhd1 Nf6 13. Bg5 Bc6 14. Nb5 Ke7 15. Nd6 h6 16. Nf5+ Ke6 17. g4 e4 18. Bf4 Ne8 19. Bc4+ Kf6 20. Rd7 Bxd7 21. Rxd7 Kg6 22. Bxf7+ Kh7 23. h4 Nf6 24. g5 hxg5 25. hxg5 g6 26. gxf6 gxf5 27. Rd1 Bh6 28. Rh1 1-0

[Event "Moscow op-F 14th"]
[Site "Moscow"]
[Date "2018.02.03"]
[Round "9"]
[White "Fotin, Vladimir"]
[Black "Lugovskoy, Maxim"]
[Result "1/2-1/2"]
[WhiteElo "2315"]
[BlackElo "2459"]
[PlyCount "72"]
[EventDate "2018.01.26"]
[EventType "swiss"]
[EventRounds "9"]
[EventCountry "RUS"]
[SourceTitle "CBM 182 Extra"]
[Source "ChessBase"]
[SourceDate "2018.02.23"]
[SourceVersion "1"]
[SourceVersionDate "2018.02.23"]
[SourceQuality "1"]

1. e4 c6 2. d4 d5 3. Nc3 dxe4 4. Nxe4 Nf6 5. Nxf6+ gxf6 6. Nf3 Bg4 7. Be2 Rg8 8. c3 Nd7 9. Bf4 Nb6 10. 0-0 e6 11. Bg3 Be7 12. Qd2 f5 13. h3 Bxf3 14. Bxf3 Bg5 15. Qe2 Nd5 16. Rad1 Bh6 17. Be5 Qh4 18. Bxd5 exd5 19. Bg3+ Qe4 20. Rfe1 Qxe2 21. Rxe2+ Kd7 22. Bh4 Rae8 23. Rxe8 Rxe8 24. Kf1 b5 25. f3 a5 26. Re1 Rxe1+ 27. Kxe1 a4 28. Kd1 Be3 29. Ke2 Bf4 30. Kd3 Ke6 31. b3 axb3 32. axb3 Kd7 33. Be1 Bd6 34. Bd2 h5 35. b4 Ke6 36. f4 Kf6 1/2-1/2

[Event "Moscow op-F 14th"]
[Site "Moscow"]
[Date "2018.02.01"]
[Round "7"]
[White "Fotin, Vladimir"]
[Black "Paravyan, David"]
[Result "0-1"]
[WhiteElo "2315"]
[BlackElo "2603"]
[PlyCount "84"]
[EventDate "2018.01.26"]
[EventType "swiss"]
[EventRounds "9"]
[EventCountry "RUS"]
[SourceTitle "CBM 182 Extra"]
[Source "ChessBase"]
[SourceDate "2018.02.23"]
[SourceVersion "1"]
[SourceVersionDate "2018.02.23"]
[SourceQuality "1"]

1. c4 e5 2. g3 d6 3. Bg2 f5 4. Nc3 Nf6 5. e3 c6 6. d4 Be7 7. Nge2 0-0 8. 0-0 Na6 9. b3 Qe8 10. Ba3 Nc7 11. Qd2 e4 12. d5 c5 13. Bb2 Ng4 14. f3 exf3 15. Rxf3 Qh5 16. h3 Ne5 17. Rf2 Qh6 18. Nf4 g5 19. Ne6 Nxe6 20. dxe6 Bxe6 21. Nd5 Bd8 22. Raf1 Rf7 23. Bc3 Bd7 24. a4 Rb8 25. Qc2 Be6 26. Bxe5 dxe5 27. Rxf5 Bxf5 28. Rxf5 Bf6 29. Qe4 Rbf8 30. Qg4 Kh8 31. Kh2 Qg6 32. Be4 Bg7 33. Ne7 Qd6 34. Rxf7 Rxf7 35. Nd5 Qf8 36. Bg2 Rf5 37. Nc3 e4 38. Nd5 Be5 39. Bxe4 Rf1 40. Bg2 Rf5 41. Ne7 Bxg3+ 42. Kg1 Rf1+ 0-1

[Event "Moscow op-F 14th"]
[Site "Moscow"]
[Date "2018.01.30"]
[Round "5"]
[White "Jaiswal, Rupesh"]
[Black "Fotin, Vladimir"]
[Result "0-1"]
[WhiteElo "2152"]
[BlackElo "2315"]
[PlyCount "114"]
[EventDate "2018.01.26"]
[EventType "swiss"]
[EventRounds "9"]
[EventCountry "RUS"]
[SourceTitle "CBM 182 Extra"]
[Source "ChessBase"]
[SourceDate "2018.02.23"]
[SourceVersion "1"]
[SourceVersionDate "2018.02.23"]
[SourceQuality "1"]

1. d4 e6 2. Nf3 c5 3. c3 Nc6 4. Bf4 cxd4 5. Nxd4 d6 6. Bg3 Nf6 7. e3 Be7 8. Bd3 0-0 9. Nd2 a6 10. 0-0 Qc7 11. Re1 Rd8 12. Rc1 b6 13. Qc2 Bb7 14. a3 h6 15. f3 Nb8 16. Qb3 Re8 17. Bb1 Nbd7 18. Qc2 Rac8 19. Ba2 Bf8 20. Bf2 Qb8 21. Bc4 b5 22. Bf1 d5 23. Qb1 Bd6 24. g3 Nc5 25. N2b3 Na4 26. Nd2 Qc7 27. Qc2 Red8 28. Bh3 Qe7 29. Nb1 Ba8 30. Bf1 g6 31. Bh3 Kg7 32. Rcd1 Rb8 33. Nd2 e5 34. Ne2 h5 35. Bg2 Bb7 36. Kh1 Bc5 37. b3 Nb6 38. b4 Bd6 39. e4 Qc7 40. exd5 Bxd5 41. Ne4 Nxe4 42. fxe4 Be6 43. Nc1 Nc4 44. Nd3 Nxa3 45. Qc1 Nc4 46. h3 Rd7 47. Bc5 Rbd8 48. Bxd6 Rxd6 49. Nc5 Bc8 50. Rxd6 Qxd6 51. Bf1 Nb6 52. h4 Na4 53. Nxa4 bxa4 54. Bc4 Be6 55. Bxe6 Qxe6 56. Kg2 Qa2+ 57. Kf3 Rd4 0-1

[Event "Moscow op-F 14th"]
[Site "Moscow"]
[Date "2018.01.26"]
[Round "1"]
[White "Dziov, Igor"]
[Black "Fotin, Vladimir"]
[Result "0-1"]
[WhiteElo "1909"]
[BlackElo "2315"]
[PlyCount "88"]
[EventDate "2018.01.26"]
[EventType "swiss"]
[EventRounds "9"]
[EventCountry "RUS"]
[SourceTitle "CBM 182 Extra"]
[Source "ChessBase"]
[SourceDate "2018.02.23"]
[SourceVersion "1"]
[SourceVersionDate "2018.02.23"]
[SourceQuality "1"]

1. e4 c5 2. Nf3 d6 3. d4 cxd4 4. Nxd4 Nf6 5. Nc3 a6 6. g3 e5 7. Nde2 Nbd7 8. Bg2 b5 9. a3 Bb7 10. Nd5 Bxd5 11. exd5 Rc8 12. 0-0 Be7 13. h3 Qc7 14. Nc3 0-0 15. f4 exf4 16. Bxf4 Ne5 17. Bg5 Ne8 18. Bxe7 Qxe7 19. Qd4 Nf6 20. Rae1 Rc4 21. Qb6 Ra8 22. Kh2 Qd8 23. Qxd8+ Rxd8 24. Re2 Rdc8 25. Ne4 Nxe4 26. Bxe4 h5 27. Rf5 g6 28. Rf6 Rd8 29. Kg2 Kg7 30. Rf4 f5 31. Bxf5 gxf5 32. Rxf5 h4 33. g4 Rf8 34. Rg5+ Ng6 35. c3 Rc7 36. Re6 Rf6 37. Rxf6 Kxf6 38. Rf5+ Kg7 39. Kf3 Re7 40. g5 Ne5+ 41. Kf4 Nd3+ 42. Kg4 Re4+ 43. Kh5 Nf4+ 44. Kxh4 Ne2+ 0-1

[Event "Moscow op-F 13th"]
[Site "Moscow"]
[Date "2017.02.04"]
[Round "9"]
[White "Ivlev, Aleksey"]
[Black "Fotin, Vladimir"]
[Result "0-1"]
[WhiteElo "2259"]
[BlackElo "2315"]
[PlyCount "81"]
[EventDate "2017.01.27"]
[EventType "swiss"]
[EventRounds "9"]
[EventCountry "RUS"]
[SourceTitle "CBM 176 Extra"]
[Source "ChessBase"]
[SourceDate "2017.03.02"]
[SourceVersion "1"]
[SourceVersionDate "2017.03.02"]
[SourceQuality "1"]

1. d4 e6 2. c4 Bb4+ 3. Bd2 a5 4. Nf3 d5 5. g3 dxc4 6. Bg2 Nc6 7. a3 Bxd2+ 8. Nbxd2 Nxd4 9. 0-0 Nxf3+ 10. Bxf3 Ne7 11. Nxc4 Qxd1 12. Rfxd1 a4 13. Rac1 Ra7 14. Ne5 f6 15. Rxc7 fxe5 16. Bc6+ Kf7 17. Rd3 e4 18. Bxe4 Ra8 19. Bxb7 Bxb7 20. Rdd7 Bd5 21. Rxe7+ Kf6 22. Rxg7 Rab8 23. f4 Rhf8 24. Rxh7 Rxb2 25. g4 Kg6 26. Rhg7+ Kh6 27. Rh7+ Kg6 28. Rcg7+ Kf6 29. Ra7 Kg6 30. Rag7+ Kf6 31. Rd7 Kg6 32. Rhg7+ Kh6 33. Rh7+ Kg6 34. Rdg7+ Kf6 35. Ra7 Kg6 36. Rhg7+ Kh6 37. Rh7+ Kg6 38. Rhg7+ Kh6 39. Rh7+ Kg6 40. Rhg7+ Kh6 41. Rh7+ 0-1

[Event "Moscow op-F 13th"]
[Site "Moscow"]
[Date "2017.01.31"]
[Round "5"]
[White "Kuzub, Pavel"]
[Black "Fotin, Vladimir"]
[Result "1/2-1/2"]
[WhiteElo "1964"]
[BlackElo "2315"]
[PlyCount "89"]
[EventDate "2017.01.27"]
[EventType "swiss"]
[EventRounds "9"]
[EventCountry "RUS"]
[SourceTitle "CBM 176 Extra"]
[Source "ChessBase"]
[SourceDate "2017.03.02"]
[SourceVersion "1"]
[SourceVersionDate "2017.03.02"]
[SourceQuality "1"]

1. Nf3 Nf6 2. g3 b5 3. Bg2 Bb7 4. 0-0 e6 5. d3 d5 6. Nbd2 Be7 7. c4 c5 8. cxb5 0-0 9. b3 Qb6 10. Bb2 Qxb5 11. d4 Nbd7 12. dxc5 Nxc5 13. Nd4 Qb6 14. N2f3 Rfc8 15. Ne5 a5 16. Rb1 Nfe4 17. Nd3 Na6 18. e3 Nc3 19. Bxc3 Rxc3 20. Qd2 Rcc8 21. Rfc1 Ba3 22. Nb2 Nb4 23. Rxc8+ Rxc8 24. Na4 Qc7 25. Nb5 Qc2 26. Qxc2 Nxc2 27. Bf1 Be7 28. Na7 Ra8 29. Rc1 Rxa7 30. Rxc2 Bd6 31. Nc3 Be5 32. Nb5 Ra6 33. Nd4 Ra8 34. Bb5 Kf8 35. Kf1 Rc8 36. Rxc8+ Bxc8 37. Ke2 Bc7 38. Kd3 Ke7 39. Kc3 e5 40. Nc2 Kd6 41. a3 Kc5 42. Bd3 d4+ 43. exd4+ exd4+ 44. Nxd4 Be5 45. b4+ 1/2-1/2

[Event "Izhevsk Corporation Cup 6th"]
[Site "Izhevsk"]
[Date "2014.07.18"]
[Round "6"]
[White "Fotin, Vladimir"]
[Black "Husnullin, Ramil"]
[Result "1-0"]
[WhiteElo "2315"]
[BlackElo "2148"]
[PlyCount "99"]
[EventDate "2014.07.12"]
[EventType "swiss"]
[EventRounds "9"]
[EventCountry "RUS"]
[SourceTitle "CBM 161 Extra"]
[Source "ChessBase"]
[SourceDate "2014.08.29"]
[SourceVersion "1"]
[SourceVersionDate "2014.08.29"]
[SourceQuality "1"]

1. e4 c5 2. Nf3 e6 3. Nc3 Nc6 4. Bb5 Nd4 5. Bc4 d6 6. Nxd4 cxd4 7. Ne2 Nf6 8. d3 e5 9. c3 dxc3 10. Nxc3 Be7 11. 0-0 0-0 12. h3 Be6 13. Bxe6 fxe6 14. d4 exd4 15. Qxd4 e5 16. Qc4+ Kh8 17. Be3 Qd7 18. Rad1 Qc6 19. Qd3 a6 20. Rc1 Qd7 21. Rc2 Rac8 22. Rfc1 Qe6 23. b3 h6 24. Nd5 Nxd5 25. Qxd5 Qd7 26. Rc4 Kh7 27. Bb6 Rxc4 28. Qxc4 Bg5 29. Rc2 Kg6 30. Kh2 Qf7 31. Qd3 Qe6 32. g3 Be7 33. Kg2 Bd8 34. Be3 Rf7 35. f4 exf4 36. Bxf4 Rd7 37. e5+ Qf5 38. Qxf5+ Kxf5 39. exd6 g5 40. Rc7 Ke6 41. Rxd7 Kxd7 42. Bc1 Kxd6 43. Kf3 Kd5 44. Kg4 Bc7 45. h4 Kd4 46. Bb2+ Kd3 47. h5 Kc2 48. Bg7 Kb1 49. Bxh6 Kxa2 50. Bg7 1-0

[Event "Izhevsk Corporation Cup 6th"]
[Site "Izhevsk"]
[Date "2014.07.16"]
[Round "5"]
[White "Gusarov, Aleksey"]
[Black "Fotin, Vladimir"]
[Result "1/2-1/2"]
[WhiteElo "2100"]
[BlackElo "2315"]
[PlyCount "84"]
[EventDate "2014.07.12"]
[EventType "swiss"]
[EventRounds "9"]
[EventCountry "RUS"]
[SourceTitle "CBM 161 Extra"]
[Source "ChessBase"]
[SourceDate "2014.08.29"]
[SourceVersion "1"]
[SourceVersionDate "2014.08.29"]
[SourceQuality "1"]

1. e4 d6 2. d4 Nf6 3. Nc3 c6 4. g3 Nbd7 5. Bg2 e5 6. Nge2 Be7 7. 0-0 0-0 8. h3 b5 9. d5 Bb7 10. dxc6 Bxc6 11. g4 Nc5 12. Ng3 b4 13. Nd5 Nxd5 14. exd5 Bb5 15. Re1 g6 16. Bh6 Re8 17. a3 bxa3 18. Rxa3 a5 19. Qd2 a4 20. Be3 Rc8 21. b3 axb3 22. cxb3 Rc7 23. b4 Nd7 24. Ne4 Qb8 25. f4 exf4 26. Bxf4 Ne5 27. Bxe5 dxe5 28. d6 Rd7 29. Qf2 Rxd6 30. Nxd6 Qxd6 31. Rb3 Bd8 32. Kh1 e4 33. Qc5 Qxc5 34. bxc5 Bc6 35. Rb8 Kf8 36. Rd1 Bc7 37. Rxe8+ Kxe8 38. g5 Bf4 39. h4 Ke7 40. Re1 Bg3 41. Re2 Bxh4 42. Bxe4 Kd7 1/2-1/2

[Event "Izhevsk Corporation Cup 5th"]
[Site "Izhevsk"]
[Date "2013.07.18"]
[Round "7"]
[White "Fotin, Vladimir"]
[Black "Kanter, Eduard"]
[Result "1/2-1/2"]
[WhiteElo "2265"]
[BlackElo "2425"]
[PlyCount "103"]
[EventDate "2013.07.11"]
[EventType "swiss"]
[EventRounds "9"]
[EventCountry "RUS"]
[SourceTitle "EXT 2014"]
[Source "ChessBase"]
[SourceDate "2013.11.20"]
[SourceVersion "1"]
[SourceVersionDate "2013.11.20"]
[SourceQuality "1"]

1. Nf3 Nf6 2. c4 g6 3. Nc3 Bg7 4. e4 0-0 5. d4 c6 6. e5 Ne8 7. Be2 d6 8. Bf4 Bg4 9. 0-0 Nd7 10. exd6 Nxd6 11. Ne5 Bxe2 12. Qxe2 Nf5 13. Rad1 Nxe5 14. dxe5 Qb6 15. b3 Rad8 16. Na4 Qc7 17. Nc5 b6 18. Na6 Qc8 19. Nb4 Rd4 20. Bc1 Rfd8 21. Bb2 Rxd1 22. Rxd1 Rxd1+ 23. Qxd1 e6 24. Qd3 c5 25. Nc2 Qc7 26. Qe2 Ne7 27. Ne1 Nc6 28. Nf3 Qd7 29. Bc3 h6 30. h3 Nb4 31. Bxb4 cxb4 32. Kf1 Qc6 33. Qd3 Qc5 34. Qd8+ Bf8 35. Qd3 Bg7 36. Qd8+ Bf8 37. Qd3 Qa5 38. Qc2 b5 39. cxb5 Qxb5+ 40. Qe2 Qd5 41. Kg1 Bg7 42. Kh2 a5 43. Kg1 h5 44. Kh2 Qc5 45. h4 Qd5 46. Kh3 Bh6 47. Qc2 Bf4 48. Qe2 f6 49. Qc2 Kg7 50. Qc7+ Kg8 51. Qb8+ Kf7 52. Qc7+ 1/2-1/2

[Event "Izhevsk Corporation Cup 5th"]
[Site "Izhevsk"]
[Date "2013.07.14"]
[Round "3"]
[White "Kharchenko, Boris"]
[Black "Fotin, Vladimir"]
[Result "1/2-1/2"]
[WhiteElo "2506"]
[BlackElo "2265"]
[PlyCount "101"]
[EventDate "2013.07.11"]
[EventType "swiss"]
[EventRounds "9"]
[EventCountry "RUS"]
[SourceTitle "CBM 155 Extra"]
[Source "ChessBase"]
[SourceDate "2013.08.26"]
[SourceVersion "1"]
[SourceVersionDate "2013.08.26"]
[SourceQuality "1"]

1. e4 e5 2. Nf3 Nc6 3. Nc3 Nf6 4. Bb5 Bb4 5. 0-0 0-0 6. d3 d6 7. Bg5 Bxc3 8. bxc3 a6 9. Bxc6 bxc6 10. h3 c5 11. Rb1 Qe7 12. d4 exd4 13. cxd4 Qxe4 14. Bxf6 gxf6 15. dxc5 dxc5 16. Re1 Qf5 17. Nh2 Be6 18. Ng4 Qf4 19. Re4 Qg5 20. Qf3 f5 21. Re5 Qg7 22. Qf4 Rab8 23. Rxb8 Rxb8 24. a3 c4 25. Nh6+ Kh8 26. Nxf5 Qf6 27. g4 Rb5 28. Rxb5 axb5 29. Qd4 Qxd4 30. Nxd4 Bd7 31. c3 Kg7 32. f3 c5 33. Ne2 Kf6 34. Kf2 Ke5 35. Ke3 f6 36. Ng3 Bc6 37. f4+ Ke6 38. h4 Bg2 39. g5 fxg5 40. hxg5 Kd5 41. Nh5 Ke6 42. Ng7+ Kf7 43. Nf5 Ke6 44. Nh4 Bc6 45. Kd2 Be4 46. Ke3 Bc6 47. Nf3 Kf5 48. Ne5 Be8 49. Nf3 Bc6 50. Ne5 Be8 51. Nf3 1/2-1/2

[Event "RUS-ch U12"]
[Site "Dagomys"]
[Date "2009.04.??"]
[Round "7"]
[White "Fotin, Vladimir"]
[Black "Antonov, Dzhal"]
[Result "0-1"]
[WhiteElo "2008"]
[BlackElo "1940"]
[PlyCount "106"]
[EventDate "2009.04.15"]
[EventType "swiss"]
[EventRounds "9"]
[EventCountry "RUS"]
[SourceTitle "EXT 2012"]
[Source "ChessBase"]
[SourceDate "2011.11.24"]
[SourceVersion "1"]
[SourceVersionDate "2011.11.24"]
[SourceQuality "1"]

1. e4 e5 2. Nf3 Nc6 3. Bb5 a6 4. Ba4 Nf6 5. 0-0 Be7 6. Re1 d6 7. h3 b5 8. Bb3 Na5 9. c3 Nxb3 10. axb3 Bb7 11. d3 0-0 12. Nbd2 c5 13. Qc2 Rc8 14. c4 Re8 15. Nf1 Nd7 16. Ng3 Nf8 17. Ne2 Ne6 18. Bd2 b4 19. Nh2 Ra8 20. g3 Qd7 21. g4 f6 22. f4 g5 23. fxg5 fxg5 24. Ng3 Nd4 25. Qd1 h6 26. Nf3 Rf8 27. Nxd4 exd4 28. Nf5 Kh7 29. Rf1 Bc8 30. Be1 Bf6 31. Bg3 Be5 32. Qe2 Rxf5 33. gxf5 Bxg3 34. Qh5 Qg7 35. Rf3 Bf4 36. Kh1 Bd7 37. Rg1 Be8 38. Qg4 Qf7 39. Rff1 Qf8 40. Rg2 h5 41. Qe2 h4 42. Qg4 Bf7 43. Rxf4 gxf4 44. Qxh4+ Qh6 45. Qe7 Rf8 46. f6 Kh8 47. Rg7 Qxh3+ 48. Kg1 Qe3+ 49. Kh2 Qe2+ 50. Kh1 Qh5+ 51. Kg1 Rg8 52. Qxd6 Rxg7+ 53. fxg7+ Kxg7 0-1